00498nam a2200169Ia 4500008004100000020001400041245006100055260003500116516002000151650001500171650002300186650001400209830002600223856005300249942000700302999001900309150121s9999 xx 000 0 und d a0119-6502 aCNU Journal of Higher Education /h[electronic resource] bCebu Normal University,c2011. aElectronic text aEducation. aMultidisciplinary. aSciences. aPhilippine E-Journals uhttp://www.ejournals.ph/index.php?journal=CNUJHE cEJ c276999d276999